| 000 | 00471nam a22001457a 4500 | ||
|---|---|---|---|
| 003 | OSt | ||
| 005 | 20250905131701.0 | ||
| 008 | 250905b |||||||| |||| 00| 0 eng d | ||
| 040 | _c0 | ||
| 082 | _aDPer 361.05 J826 January-April 2020 v. 67 n. 1-3 | ||
| 245 | _aJournal of counseling psychology / | ||
| 260 |
_aWashington ; _bAmerican Psychological Association , _cJanuary-April 2020. |
||
| 300 |
_aVolume 67, various paging : _billustrations ; _c28 cm. |
||
| 942 |
_2ddc _cPER |
||
| 999 |
_c23710 _d23710 |
||